Normal view
MARC view
- Zaman, Saleem Ullah
Entry Personal Name
001 - CONTROL NUMBER
- control field: 16038
003 - CONTROL NUMBER IDENTIFIER
- control field: NUST
005 - DATE AND TIME OF LATEST TRANSACTION
- control field: 20190630094840.0
008 - FIXED-LENGTH DATA ELEMENTS
- fixed length control field: 190630|| aca||aabn | a|a d
040 ## - CATALOGING SOURCE
- Original cataloging agency: NUST
- Transcribing agency: NUST
100 ## - HEADING--PERSONAL NAME
- Personal name: Zaman, Saleem Ullah
670 ## - SOURCE DATA FOUND
- Source citation: Work cat.: (NUST): Zaman, Saleem Ullah, Jahanam Mein Aurton Ki Kasarat Kou? /, [S.l].
